000 00374pab a2200145 454500
008 180718b2001 xxu||||| |||| 00| 0 eng d
100 _aKuri, Pravat Kumar
245 _aUsufructuary mortgage and land alienation in rural Assam
260 _c2001
300 _ap.58-63
362 _aSep
650 _aAgricultural credit
773 _aMan and Development
909 _a50151
999 _c50151
_d50151